Introduction to Digital Computer Design/ (Record no. 35728)

MARC details
000 -LEADER
fixed length control field 00570nam a22001937a 4500
005 - DATE AND TIME OF LATEST TRANSACTION
control field 20240517092453.0
008 - FIXED-LENGTH DATA ELEMENTS--GENERAL INFORMATION
fixed length control field 240509b |||||||| |||| 00| 0 eng d
020 ## - INTERNATIONAL STANDARD BOOK NUMBER
ISBN 978-81-203-3409-0
082 ## - DEWEY DECIMAL CLASSIFICATION NUMBER
Classification number 005.1
Item number RAJ-I
100 ## - MAIN ENTRY--AUTHOR
Author Name Rajaraman;v
245 ## - TITLE STATEMENT
Title Introduction to Digital Computer Design/
Statement of responsibility, etc. V.Rajaraman
250 ## - EDITION STATEMENT
Edition statement 5th ed.
260 ## - PUBLICATION, DISTRIBUTION, ETC.
Place of Publication New Delhi;
Name of publisher, distributor, etc. Prentice Hall of India PVT Ltd.;
Date of publication, distribution, etc. 2008
300 ## - PHYSICAL DESCRIPTION
Pages xi, 512 p.:
500 ## - GENERAL NOTE
General note Include index.
650 ## - SUBJECT ADDED ENTRY--TOPICAL TERM
Subject / Department Computer Science/Computer Programming
700 ## - ADDED ENTRY--PERSONAL NAME
Personal name T.Radhakrishnan
300 ## - PHYSICAL DESCRIPTION
-- ill;
-- 23.4 cm.
952 ## - LOCATION AND ITEM INFORMATION (KOHA)
-- 0
-- 0
Holdings
Lost status Damaged status Collection code Permanent Location Current Location Shelving Location Date acquired Full Call Number Accession No./Barcode Date last seen item type Koha item type
    CS/IT Superior Information Resource Center (SIRC) Superior University - City Campus Superior Information Resource Center (SIRC) Superior University - City Campus Computer Science 05/09/2024 005.1 RAJ-I 2008 3289 05/09/2024 BOOK BOOK

Powered by Koha